000 02321cam a2200241 a 4500
001 000025465
005 20200930023816.0
008 000425s2002 mx bd b 101 0 spa
020 _a9686384391
082 _a304.2/098
_bE82h
245 0 0 _aEstudios sobre historia y ambiente en América /
_ccompilación Bernardo Gracía Martínez y Alba González Jácome.
260 _aMéxico, D. F. :
_bInstituto Panamericano de Geografía e Historia :
_bEl Colegio de México,
_c2002.
300 _at. ; :
_bmaps., grafs. ;
_c23 cm.
504 _aIncluye referencias bibliográficas.
500 _aIncluye notas al pie de páginas
500 _aLa bilioteca poseeel tomo 2
505 _tIntroducción
_tEl Galeón de Manila y el clima del pacifico durante el siglo xvii /
_rRicardo García Herrera
_tClima y variabilidad climática en costa rica a través de información histórica del siglo xix /
_rJorge A. Amador
_tClima y economía en el área surandina: el ato Perú y el espacio regional a fines del siglo xviii /
_rMaría del Rosario Prieto y Roberto G. Herrera
_tEntre sequias y aluviones: hacia una historia ambiental de la quebrada de humahuaca, Argentina /
_rHortensia Castro
_tLa pampa como ecosistema /
_rJuan Carlos Garavaglia
_tHacia una historia ambiental de los bosques de pino de la norteamérica nororiental (1700-1900) /
_rGraeme Wynn
_tMovimientos pioneros y deterioro ambiental y paisajístico en el siglo xix venezolano /
_rPedro Cunill Grau
_tEl rub al-kahli prehispánico de la Tlaxcala: una interpretación del paisaje /
_rAlfred H. Siemens
_tPaisajes del pasado: los cálales del suroeste de Tlaxcala /
_rAlba González Jácome
_tLas epidemias liberales: agricultura ambiente y globalización en Ecuador /
_rStuart McCook
_tRíos desbordados y pastizales secos: un recorrido de contrastes por los caminos ganaderos del siglo xviii novohispano /
_rBernardo García Martínez
_tCultura esgotadora: agricultura y destrucción ambiental en las últimas décadas de Brasil monárquico /
_rJosé Augusto Pádua
_tEspacio, tiempo, ambiente y escala /
_rCarlos Reboratti
_tÍndice onomástico
650 0 _aHuman ecology
_zLatin America
_xHistory.
_915921
651 0 _aLatin America
_xHistory.
_94136
700 1 _aGarcía Martínez, Bernardo.
_ecomp.
_915922
700 1 _aGonzález Jácome, Alba.
_ecomp.
_915923
999 _c24957
_d24957
040 _aDO-SdBNP